00743 2200229 4500001002100000005001700021008004100038020002200079035002500101040001200126082001800138084001800156090001800174100002000192245016300212250001700375260003300392300003500425500002700460650001400487850001200501INLIS00000000000127820141222085210.0  a978-602-262-099-0 a0010-121400000000357 aYOPDYOG aDEP 657 Mar A aDEP 657 Mar A aDEP 657 Mar A aMARISI P. PURBA aAspek akuntansi undang-undang perseroan terbatasb: suatu pembahasan kritis atas undang-undang No. 40 tahun 2007 tentang perseroan terbatasc/ Marisi P. Purba aEd.2, cet.1. aYogyakartabGraha Ilmuc2013 axi, 288 hlm.b: ilus.c; 23 cm aBibliografi : hlm. 113 aAkuntansi aYOPDYOG